Pirates of the Carribean Cast - Sudden Death - Statistics

General Stats
  • This quiz has been taken 490 times
  • The average score is 7 of 16
Answers on the Grid
Answers color-coded by a green-red scale on the quiz's grid according to % correct below.
Johnny Depp
Margot Robbie
Cameron Diaz
Paul McCartney
Keith Richards
Michael Rosenbaum
Keira Knightley
Alan Tudyk
Chow Yun-Fat
Robert De Niro
Orlando Bloom
Tom Hollander
Alison Pill
Dustin Hoffman
Javier Bardem
Naomie Harris
Alice Cooper
Mike Myers
Stellan Skarsgard
Kevin McNally
Geoffrey Rush
Penelope Cruz
Andy Garcia
Jonathan Pryce
Christopher Walken
Ringo Starr
Zac Efron
Joe Perry
David Bailie
Bill Nighy
 
Answer Stats
Answer % Correct
Johnny Depp
100%
Keira Knightley
75%
Orlando Bloom
72%
Penelope Cruz
51%
Geoffrey Rush
50%
Javier Bardem
45%
Keith Richards
44%
Bill Nighy
42%
Stellan Skarsgard
42%
Chow Yun-Fat
36%
Jonathan Pryce
28%
Tom Hollander
26%
Naomie Harris
25%
Paul McCartney
25%
Kevin McNally
22%
David Bailie
14%
No matching quizzes found
Score Distribution
Percent of People with Each Score
Percentile by Number Answered
Your Score History
You have not taken this quiz